Ξεκίνημα
Αποθηκεύτηκε σε:
| Μορφή: | Βιβλίο |
|---|---|
| Γλώσσα: | Greek |
| Δημοσίευση: |
Αθήνα :
Φωτιάδης,
1958
|
| Θέματα: | |
| Ετικέτες: |
Προσθήκη ετικέτας
Δεν υπάρχουν, Καταχωρήστε ετικέτα πρώτοι!
|
MARC
| LEADER | 00000nam a2200000 i 4500 | ||
|---|---|---|---|
| 001 | 1/46558 | ||
| 008 | 961121s1958 gre d | ||
| 035 | |l 10026342 | ||
| 040 | |a GR-MY-UA |b gre |e aacr | ||
| 041 | 0 | |a gre | |
| 082 | 0 | |a 889.19 | |
| 245 | 1 | 0 | |a Ξεκίνημα |
| 260 | |a Αθήνα : |b Φωτιάδης, |c 1958 | ||
| 300 | |a 64 σ. | ||
| 650 | 0 | 0 | |a Greek poetry. |
| 852 | |a INST |b CHIOS |e 19961121 |h 889.19 ΞΕΚ |p 005200011866 |q 005200011866 |t BK |y 0 | ||
| 909 | |a Χ |b 047834 | ||